000 01078nam a2200217 i 4500
001 182580
003 ES-MaACL
005 20240514173352.0
008 130930s1870 sp a | |||||||| | spa d
080 _a908(460.251)
100 1 _aPérez de Guzmán y Gallo, Juan,
_d1841-1928
_990777
245 1 0 _aCrónica de la provincia de Cáceres /
_cpor Juan P. de Guzmán.
260 _aMadrid :
_bRubio, Grilo y Vitturi,
_c1870.
300 _aVIII, 64 p., [3] h. de lám., [1] h. de mapas :
_bil. ;
_c32 cm.
490 1 _aCrónica general de España, o sea historia ilustrada y descriptiva de sus provincias, sus poblaciones más importantes de la península y de ultramar
651 4 _aCáceres (Provincia)-
_xHistoria.
_9153481
651 4 _aCáceres (Provincia)-
_xDescripción.
_9153482
830 0 _aCrónica general de España, o sea Historia ilustrada y descriptiva de sus provincias, sus poblaciones más importantes de la península y posesiones de Ultramar
_9224862
852 _aES-MaACL
_jC-1582(1)
_z.- Encuadernado con otras obras
999 _c182580
_d182580